000 01047nam a2200265Ia 4500
003 Ost
005 20260507075232.0
008 260507s9999||||xx |||||||||||||| ||und||
020 _a7005179957
040 _cfsecg
041 _aara
082 _a330
100 _aعبد، زياد
_eمؤلف
245 0 _aمبادئ علم الاقتصاد /
_c زياد عبد
260 _aعمان:
_bدار البداية,
_c2009
300 _a192 صفحة؛
_c24 سم
504 _aمراجع ص.191
520 _aالمشكلة الاقتصادية ، الانظمة الاقتصادية ، عناصر الانتاج ، نظريات سلوك المستهلك ، نظرية التوزيع ، النقود ، البنوك ، الناتج القومي و الدخل القومي ، الادخار و الاستثمار و الاستهلاك.
653 _aالاستثمار
653 _aالاقتصاد
653 _aالأنظمة الاقتصادية
653 _aالتضخم
653 _aعلم الاقتصاد
942 _cكتاب
999 _c43566
_d43566